<?xml version="1.0" encoding="UTF-8"?>
<collection xmlns="http://www.loc.gov/MARC21/slim">
<record>
  <controlfield tag="001">169797</controlfield>
  <controlfield tag="005">20260304131019.0</controlfield>
  <datafield tag="037" ind1=" " ind2=" ">
    <subfield code="a">TAZ-TFG-2025-4868</subfield>
  </datafield>
  <datafield tag="041" ind1=" " ind2=" ">
    <subfield code="a">spa</subfield>
  </datafield>
  <datafield tag="100" ind1="1" ind2=" ">
    <subfield code="a">Campos Cerdá, Ian Vladimir</subfield>
  </datafield>
  <datafield tag="242" ind1="0" ind2="0">
    <subfield code="a">Creation of a 3D parametric model of a human finger as a tool for designing a treatment splint for the flexor system pulley fractures.</subfield>
  </datafield>
  <datafield tag="245" ind1="0" ind2="0">
    <subfield code="a">Creación del  modelo paramétrico 3D de un dedo humano como herramienta para el diseño de un anillo de tratamiento para la fractura de poleas del sistema flexor.</subfield>
  </datafield>
  <datafield tag="260" ind1=" " ind2=" ">
    <subfield code="a">Zaragoza</subfield>
    <subfield code="b">Universidad de Zaragoza</subfield>
    <subfield code="c">2025</subfield>
  </datafield>
  <datafield tag="506" ind1=" " ind2=" ">
    <subfield code="a">by-nc-sa</subfield>
    <subfield code="b">Creative Commons</subfield>
    <subfield code="c">3.0</subfield>
    <subfield code="u">http://creativecommons.org/licenses/by-nc-sa/3.0/</subfield>
  </datafield>
  <datafield tag="520" ind1=" " ind2=" ">
    <subfield code="a">Este proyecto tiene como objetivo desarrollar un modelo paramétrico tridimensional del sistema flexor del dedo que permita analizar de forma realista el comportamiento mecánico de las poleas anulares, especialmente A2, A3 y A4, durante distintos agarres comúnmente usados en la escalada. De esta manera, el modelo pretende ofrecer una herramienta que mejore el proceso de diseño de un anillo de compresión, dispositivo comúnmente usado en tratamientos conservadores de pacientes que han sufrido lesiones de poleas, algo muy común en el contexto de la escalada deportiva debido a las tensiones a las que se someten las poleas. El trabajo comienza con una primera fase que consistió en un estudio anatómico y biomecánico de los elementos más relevantes implicados en el sistema flexor (principal responsable de la flexión en los agarres): falanges, cartílagos articulares, placas volares, tendones flexores y poleas. Esta fase permitió establecer las proporciones, relaciones y comportamientos que fueron fundamentales para crear un modelado fiel y funcional. Con esta base se definieron los requisitos del modelo, comprendiendo el funcionamiento del sistema flexor y de sus principales componentes para facilitar y agilizar el posterior modelado. La segunda fase fue la del modelado, que se realizó íntegramente en SolidWorks. Esta fase comprendió la parte con mayor extensión del proyecto ya que recoge todo el proceso de desarrollo del modelo, en el cual se utilizaron las distintas operaciones de las que dispone el programa (recubrimientos, barridos, revoluciones, extrusiones bidireccionales o herramientas de intersección y combinación) para generar los elementos a partir de geometrías que fueran lo más realistas posibles y que además, estuvieran conectadas entre sí de manera que se comportaran como un conjunto capaz de adoptar múltiples posiciones imitando la flexión del dedo. El resultado fue un modelo paramétrico completo del sistema flexor, capaz de adoptar múltiples posiciones, incluyendo los agarres más relevantes en escalada: full crimp, half crimp y open grip. Una vez configurado el modelo, comenzó la tercera y última fase, que consistió en utilizar las herramientas de SolidWorks de análisis por elementos finitos (FEM) para ejecutar  simulaciones que permitieran para obtener la distribución de tensiones en las poleas más solicitadas en distintas posiciones. Para comprobar la validez de los resultados del modelo, primero se llevó a cabo una serie de simulaciones basadas en los ensayos de un estudio biomecánico sobre las tensiones en las poleas A2, A3 y A4 de los dedos índice, corazón y anular en el agarre full crimp. Posteriormente, se compararon los resultados de las simulaciones FEM con los de dicho estudio y, tras comprobar que los resultados eran congruentes, se completó la fase con dos simulaciones más, correspondientes a posiciones de dedos asociadas a los agarres half crimp y open grip, que permitieron verificar que el modelo desarrollado ofrecía resultados que concordaban con la realidad. En conclusión, que el modelo desarrollado es capaz de representar la biomecánica del sistema flexor y constituye una herramienta útil para estudiar lesiones de poleas y para explorar diseños de dispositivos como anillos de compresión. Finalmente, se plantea como desarrollo futuro la incorporación de modelos mecánicos más complejos que permitan simular los daños y procesos de regeneración de las poleas, impulsando aún más su utilidad en el proceso de diseño de anillos u otras alternativas conservadoras.&lt;br /></subfield>
  </datafield>
  <datafield tag="521" ind1=" " ind2=" ">
    <subfield code="a">Graduado en Ingeniería en Diseño Industrial y Desarrollo de Producto</subfield>
  </datafield>
  <datafield tag="540" ind1=" " ind2=" ">
    <subfield code="a">Derechos regulados por licencia Creative Commons</subfield>
  </datafield>
  <datafield tag="856" ind1="0" ind2=" ">
    <subfield code="f">818533@unizar.es</subfield>
  </datafield>
  <datafield tag="856" ind1="4" ind2=" ">
    <subfield code="s">17078937</subfield>
    <subfield code="u">http://zaguan.unizar.es/record/169797/files/TAZ-TFG-2025-4868.pdf</subfield>
    <subfield code="y">Memoria (spa)</subfield>
  </datafield>
  <datafield tag="856" ind1="4" ind2=" ">
    <subfield code="s">38883799</subfield>
    <subfield code="u">http://zaguan.unizar.es/record/169797/files/TAZ-TFG-2025-4868_ANE.pdf</subfield>
    <subfield code="y">Anexos (spa)</subfield>
  </datafield>
  <datafield tag="909" ind1="C" ind2="O">
    <subfield code="o">oai:zaguan.unizar.es:169797</subfield>
    <subfield code="p">driver</subfield>
    <subfield code="p">trabajos-fin-grado</subfield>
  </datafield>
  <datafield tag="950" ind1=" " ind2=" ">
    <subfield code="a"></subfield>
  </datafield>
  <datafield tag="691" ind1=" " ind2=" ">
    <subfield code="a">3 4 12</subfield>
  </datafield>
  <datafield tag="692" ind1=" " ind2=" ">
    <subfield code="a">El modelo paramétrico de un dedo, cuyo desarrollo es el principal objetivo de el proyecto, puede ser una herramienta con potencial en cuanto a desarrollo de tratamientos conservativos para roturas de poleas mejorados, la optimización de recursos en el uso de material en los diseños de anillos de compresión usados en dichos tratamientos o incluso puede ser una herramienta didáctica capaz de dinamizar la enseñanza de conceptos anatómicos o biomecánicos del sistema flexor del dedo y las poleas. En conjunto supone una aportación tanto a los campos de Salud y Bienestar, Producción y consumo y Educación de calidad.</subfield>
  </datafield>
  <datafield tag="700" ind1=" " ind2=" ">
    <subfield code="a">Paseta Martínez, Óscar</subfield>
    <subfield code="e">dir.</subfield>
  </datafield>
  <datafield tag="710" ind1="2" ind2=" ">
    <subfield code="a">Universidad de Zaragoza</subfield>
    <subfield code="b">Ingeniería de Diseño y Fabricación</subfield>
    <subfield code="c">Expresión Gráfica de la Ingeniería</subfield>
  </datafield>
  <datafield tag="980" ind1=" " ind2=" ">
    <subfield code="a">TAZ</subfield>
    <subfield code="b">TFG</subfield>
    <subfield code="c">EINA</subfield>
  </datafield>
  <datafield tag="999" ind1=" " ind2=" ">
    <subfield code="a">20251202214017.CREATION_DATE</subfield>
  </datafield>
  <datafield tag="951" ind1=" " ind2=" ">
    <subfield code="a">deposita:2026-03-04</subfield>
  </datafield>
</record>
</collection>